000 01169nam0a22002771 4500
001 rc\3558281
005 20250610072304.0
021 _aRU
_b[76-100262]
035 _a(NLR Aleph) 007796102
090 _a7667987
_c7667987
100 _a20130115d1976 |||y0rusy50 ca
101 0 _arus
102 _aRU
105 _ay z |||||
200 1 _aЭкономическая эффективность специализации сельскохозяйственных предприятий
_e(Теория и практика измерения)
_fП.В. Ковель, канд. экон. наук
210 _aАлма-Ата
_cКайнар
_d1976
215 _a118 с.
_d20
225 1 _aАктуальные проблемы интенсификации
300 _aНа обл. авт. не указан
606 _aСельское хозяйство
_xСпециализация и кооперирование
_xЭкономическая эффективность
_2psbo
700 1 _aКовель
_bП.В.
_gПавел Васильевич
801 0 _aRU
_bNLR
_gpsbo
801 1 _aRU
_bELAR
_2rusmarc
852 _aNLR
_j77-3/3424
942 _cBOOK
980 _aNB